| 000 | 01149cam a22003014a 4500 | ||
|---|---|---|---|
| 999 |
_c26778 _d26778 |
||
| 001 | 12249938 | ||
| 003 | OSt | ||
| 005 | 20170206111541.0 | ||
| 008 | 001205s2001 ohua 001 0 eng | ||
| 010 | _a 00068712 | ||
| 020 | _a1581801521 (alk. paper) | ||
| 040 |
_aDLC _cDLC _dDLC |
||
| 042 | _apcc | ||
| 050 | 0 | 0 |
_aNC1002.L47 _bH34 2001 |
| 082 | 0 | 0 |
_a741.6/85 _221 |
| 100 | 1 |
_aHaller, Lynn, _d1965- |
|
| 245 | 1 | 0 |
_aCreative edge : _bletterhead + business card design / _cLynn Haller. |
| 246 | 3 | 0 | _aLetterhead + business card design |
| 246 | 3 | 0 | _aLetterhead and business card design |
| 250 | _a1st ed. | ||
| 260 |
_aCincinnati, Ohio : _bNorth Light Books, _cc2001. |
||
| 300 |
_a144 p. : _bcol. ill. ; _c29 cm. |
||
| 500 | _aIncludes indexes. | ||
| 650 | 0 |
_aLetterheads _xDesign. |
|
| 650 | 0 |
_aBusiness cards _xDesign. |
|
| 906 |
_a7 _bcbc _corignew _d1 _eocip _f20 _gy-gencatlg |
||
| 942 |
_2lcc _cBOOKS _hNC 1002 .L47H34 2001 |
||